LIBRARY & INFORMATION CENTRE, KCAET, TAVANUR

ONLINE PUBLIC ACCESS CATALOGUE (OPAC)

Introduction to Psychology / (Record no. 10142)

MARC details
000 -LEADER
fixed length control field 00311cam a2200121ua 4500
082 ## - DEWEY DECIMAL CLASSIFICATION NUMBER
Classification number 150.1
Item number KAR/IN
100 ## - MAIN ENTRY--AUTHOR NAME
Personal name Karn, Harry W .
245 ## - TITLE STATEMENT
Title Introduction to Psychology /
260 ## - PUBLICATION, DISTRIBUTION, ETC. (IMPRINT)
Place of publication New Delhi :
Name of publisher Wiley Eastern Ltd ,
Year of publication 1960.
300 ## - PHYSICAL DESCRIPTION
Number of Pages 315 ; .
700 1# - ADDED ENTRY--PERSONAL NAME
Personal name Weitz, Joseph .
942 ## - ADDED ENTRY ELEMENTS (KOHA)
Koha item type Reference
Holdings
Withdrawn status Lost status Damaged status Collection code Home library Current library Shelving location Date acquired Full call number Accession Number Koha item type
Withdrawn     Reference KAUAET Sanskrit University Reference 07/04/2012 150.1.KAR/IN 734 Reference
free website counter